| 000 | 00996nas a2200301 4500 | ||
|---|---|---|---|
| 001 | BR2015001719 | ||
| 003 | BR-BrBNA | ||
| 005 | 20231205125136.0 | ||
| 007 | ta | ||
| 008 | 230509b bl.|||p| |||| 00| 00por d | ||
| 040 |
_aBR-BrBNA _bpor _cBiblioteca Nacional de Agricultura |
||
| 041 | _a(En) | ||
| 072 | _aH10 | ||
| 100 | 1 | _aBobrowski, V.L. | |
| 100 | 1 | _aPasquali, G. | |
| 100 | 1 | _aBodanese-Zanettini, M.H. | |
| 100 | 1 | _aFiuza, L.M. | |
| 245 | 1 |
_aDetection of cry1 genes in Bacillus thuringiensis isolates from South of Brazil and activity against Aanticarsia gemmatalis (Lepidoptera:Noctuidae) _b |
|
| 650 | _aPRAGA DE PLANTA | ||
| 650 | _aLAGARTA | ||
| 650 | _aSOJA | ||
| 650 | _aGENE | ||
| 650 | _aPATOGENICIDADE | ||
| 773 | 0 |
_tBrazilian Journal of Microbiology (Brazil) _xISSN 1517-8382 _g(Apr-Jun 2001), v. 32(2) p. 105-109 _wBR2015001719 |
|
| 856 | 4 | 0 | _uhttp://www.scielo.br/pdf/bjm/v32n2/a06v32n2.pdf |
| 909 |
_a202311 _bLúcia _c55 _dLúcia Elande |
||
| 942 |
_2AGRIS _n0 _cANA |
||
| 999 |
_c242872 _d242872 |
||